Plant nematology: an agricultural training aid
Uloženo v:
| Hlavní autor: | |
|---|---|
| Médium: | Kniha |
| Jazyk: | Undetermined |
| Vydáno: |
California
NemaAid Publication
1980
|
| Témata: | |
| Tagy: |
Přidat tag
Žádné tagy, Buďte první, kdo otaguje tento záznam!
|
| Thư viện lưu trữ: | Trung tâm Học liệu Trường Đại học Cần Thơ |
|---|
| LEADER | 00520nam a2200181Ia 4500 | ||
|---|---|---|---|
| 001 | CTU_38933 | ||
| 008 | 210402s9999 xx 000 0 und d | ||
| 082 | |a 595.182 | ||
| 082 | |b A976 | ||
| 100 | |a Sadek M Ayoub | ||
| 245 | 0 | |a Plant nematology: an agricultural training aid | |
| 245 | 0 | |c Sadek M Ayoub | |
| 260 | |a California | ||
| 260 | |b NemaAid Publication | ||
| 260 | |c 1980 | ||
| 650 | |a nematoda,nematode diseases of plants | ||
| 904 | |i Liên, 000515 | ||
| 980 | |a Trung tâm Học liệu Trường Đại học Cần Thơ | ||